logo

Bir Sreshtho Munshi Abdur Rouf Library
Jhenaidah Cadet College

To Rule The Waves : (Record no. 13665)

MARC details
000 -LEADER
fixed length control field 02661cam a22003258i 4500
001 - CONTROL NUMBER
JCCL Control Number 13665
003 - CONTROL NUMBER IDENTIFIER
JCCL marc code BD-JhCC
005 - DATE AND TIME OF LATEST TRANSACTION
control field 20240313192510.0
008 - FIXED-LENGTH DATA ELEMENTS--GENERAL INFORMATION
fixed length control field 210629s2021 nyua b 001 0 eng
020 ## - INTERNATIONAL STANDARD BOOK NUMBER
International Standard Book Number 9781982127251
020 ## - INTERNATIONAL STANDARD BOOK NUMBER
Cancelled/invalid ISBN 9781982127275
035 ## - SYSTEM CONTROL NUMBER
system control number (BD-JhCC)13665
040 ## - CATALOGING SOURCE
Original cataloging agency DLC
Transcribing agency DLC
Description conventions rda
Modifying agency BD-JhCC
041 ## - LANGUAGE CODE
Language code of Book eng
050 00 - LIBRARY OF CONGRESS CALL NUMBER
Classification number HE571
Item number .B68 2021
082 00 - DEWEY DECIMAL CLASSIFICATION NUMBER
Classification number 387.5
DDC Edition number 23
Author mark and Year HER 2021
100 1# - MAIN ENTRY--PERSONAL NAME
Personal name Herman,Arthur
245 10 - TITLE STATEMENT
Title To Rule The Waves :
Remainder of title How the British Navy Shaped the Modern World /
Statement of responsibility, etc Arthur Herman.
250 ## - EDITION STATEMENT
Edition statement Hardcover Edition.
260 ## - PUBLICATION, DISTRIBUTION, ETC. (IMPRINT)
Place of publication, distribution, etc new york.
Name of publisher, distributor, etc Harper;
Date of publication, distribution, etc 2021.
300 ## - PHYSICAL DESCRIPTION
Pagination 405 p. :
Other physical details illustrations ;
Dimensions 24 cm
504 ## - BIBLIOGRAPHY, ETC. NOTE
Bibliography, etc Includes bibliographical references and index.
520 ## - SUMMARY, ETC.
Summary, etc "For centuries, oceans were the chessboard on which empires battled for dominance. But in the nuclear age, air power and missile systems dominated our worries about security, and for the United States, the economy was largely driven by domestic production, with trucking and railways that crisscrossed the continent the primary modes of commercial transit. All that has changed, as nine-tenths of global commerce and the bulk of energy trade is today linked to sea-based flows. A brightly-painted 40-foot steel shipping container loaded in Asia with twenty tons of goods may arrive literally anywhere else in the world; how that really happens and who actually profits by it show that the struggle for power on the seas is a critical issue today. Now, in bright, closely observed prose, To Rule the Waves author Bruce Jones conducts us on a fascinating voyage through the great modern ports and naval bases of this era-from the vast container ports of Shanghai and Hong Kong to the vital naval base of the American 7th fleet in Hawaii to the sophisticated security arrangements in the port of New York. Along the way, the book illustrates how global commerce works, that we are amidst a global naval arms race, and why the oceans are so crucial to America's standing going forward. As Jones reveals, the three great geopolitical struggles of our time-for military power, for economic dominance, and over our changing climate-are playing out atop, within, and below the world's oceans. The essential question, he shows, is this: who will rule the waves and set the terms of the world to come?"--
650 #0 - SUBJECT ADDED ENTRY--TOPICAL TERM
Topical term or geographic name as entry element Geopolitics
General subdivision History.
Geographic subdivision Politique mondiale
650 #0 - SUBJECT ADDED ENTRY--TOPICAL TERM
Topical term or geographic name as entry element Sea-power
General subdivision History.
650 #0 - SUBJECT ADDED ENTRY--TOPICAL TERM
Topical term or geographic name as entry element World politics.
650 #0 - SUBJECT ADDED ENTRY--TOPICAL TERM
Topical term or geographic name as entry element Power (Social sciences)
776 08 - ADDITIONAL PHYSICAL FORM ENTRY
Display text Online version:
Main entry heading Jones, Bruce D.
Title To rule the waves
Edition Hardcover.
Place, publisher, and date of publication New York : Scribner, 2021
International Standard Book Number 9781982127275
Record control number (DLC) 2021023018
942 ## - ADDED ENTRY ELEMENTS (KOHA)
Source of classification or shelving scheme Dewey Decimal Classification
Koha item type Books
Holdings
Source of classification or shelving scheme Damaged status Not for loan Home library Current library Shelving location Date of accession Cost, normal purchase price Total Checkouts Full call number Barcode Date last seen Date checked out Copy number Method of acquisition Koha item type Currency
Dewey Decimal Classification     JCC Rouf Library JCC Rouf Library General Stacks   460.00 2 387.5 HER 2021 19144 12/23/2025 10/29/2025 C-1 Purchase Books BDT

JCC Library | Contacts | JCC Home

Last Update on 23 September 2017
Copyright @ 2017-2020 JCC Rouf Library
Rouf Library, Jhenidah Cadet College (JCC), Bangladesh